| 000 | 00397nam a2200157Ia 4500 | ||
|---|---|---|---|
| 003 | GCL | ||
| 008 | 140319s9999 xx 000 0 ara d | ||
| 040 |
_aGCL / _cGCL |
||
| 082 | 0 | 4 |
_a922.1 _bم ع |
| 245 | 1 | 0 | _aعبدالمطلب بن هاشم جد الرسول (ص) |
| 300 | _a112 ص | ||
| 490 | _a | ||
| 650 | 0 | 4 | _aالاسلام |
| 650 | 0 | 4 | _aعبدالمطلب بن هاشم |
| 942 |
_2ddc _cBK |
||
| 999 |
_c38057 _d38057 |
||